000 00418nam a2200157Ia 4500
003 Ost
005 20260225132538.0
008 260225s9999||||xx |||||||||||||| ||und||
040 _cfsic
041 _afre
082 _a6.7
100 _aSous-dir pascal petit
_eAuteur
245 0 _aL'économie de l'information :
245 0 _bles enseignements des théories économiques /
_cSous-dir pascal petit
942 _cكتاب
999 _c33362
_d33362